000 00800cam a22002651 4500
001 29802
003 BD-RjUL
005 20211209051449.0
008 140407s1962 nyua b 001 0 eng
035 _a(BD-RjUL)29887
035 _a(OCoLC)547566
040 _aDLC
_cOU
_dOCoLC
_dDLC
_dBD-RjUL
_beng
041 _aeng
082 _a150.7253
_bRAS 1962
100 1 _aRay, William S.,
_d1917-
_q(William Samuel)
_990715
245 1 0 _aStatistics in psychological research /
_cby William Samuel Ray.
260 _aNew York :
_bMacmillan,
_cc1962.
300 _axi, 303 p. :
_bill. ;
_c24 cm.
504 _aIncludes bibliographical references and indexes.
650 0 _aPsychology
_xResearch.
_990716
650 0 _aStatistics.
_990717
942 _2ddc
_cBK
999 _c29802
_d29802